Les films français avec le plus d’entrées au cinéma - Statistiques

Statistiques générales
  • Ce quiz a été pris 62 fois
  • Le résultat moyen est 6 sur 20
Statistiques - réponses
Nombre d’entrées Date de sortie Nom du film % Correct
19 479 088 2011 Intouchables
81%
20 438 757 2008 Bienvenue chez les Ch’tis
79%
17 275 169 1966 La Grande Vadrouille
60%
10 699 862 2024 Un p’tit truc en plus
48%
14 404 829 2002 Astérix et Obélix - Mission Cléopâtre
42%
8 884 996 2024 Le Comte de Monte-Cristo
42%
12 366 033 2014 Qu’est-ce qu’on a fait au bon Dieu ?
40%
13 671 885 1993 Les Visiteurs
38%
9 196 550 1988 Le Grand Bleu
29%
10 302 954 2000 Taxi 2
27%
11 743 525 1965 Le Corniaud
25%
9 248 548 1998 Le Dîner de cons
25%
10 229 483 2006 Les Bronzés 3 : Amis pour la vie
15%
12 791 213 1952 Le Petit monde de Don Camillo
12%
10 251 813 1985 3 hommes et un couffin
6%
10 035 711 1962 La Guerre des boutons
6%
9 968 993 1958 Les Misérables
4%
9 137 761 1988 L’Ours
2%
8 894 132 1974 Emmanuelle
0%
8 851 251 1959 La Vache et le prisonnier
0%
Aucun quiz correspondant
Distribution des résultats
% des personnes avec chaque résultat
Percentile par nombre de réponses
Votre historique - résultats
Vous n’avez pas pris ce quiz